| 000 | 00552nam a2200181Ia 4500 | ||
|---|---|---|---|
| 008 | 090124s9999 xx 000 0 und d | ||
| 082 | _b25962 | ||
| 100 | _aकानडे मु. श्री. | ||
| 245 | _a नाट्य - शोध | ||
| 250 | _a1 | ||
| 260 |
_bनीहारा प्रकाशन _c1987 |
||
| 300 | _a191 | ||
| 600 | _aकानडे मु. श्री. | ||
| 630 | _a नाट्य - शोध | ||
| 700 | _aकानडे मु. श्री. | ||
| 730 | _a नाट्य - शोध | ||
| 942 | _cBOOK | ||
| 999 |
_c95020 _d95020 |
||